Normal view
MARC view
- O’Hallaron, David R.
Entry Personal Name
001 - CONTROL NUMBER
- control field: 37429
003 - CONTROL NUMBER IDENTIFIER
- control field: OSt
005 - DATE AND TIME OF LATEST TRANSACTION
- control field: 20150216152859.0
008 - FIXED-LENGTH DATA ELEMENTS
- fixed length control field: 150216|| aca||aabn | a|a d
040 ## - CATALOGING SOURCE
- Original cataloging agency: OSt
100 1# - HEADING--PERSONAL NAME
- Personal name: O’Hallaron, David R.
- Fuller form of name: (Davie Richard),
- Dates associated with a name: 1955-
400 1# - SEE FROM TRACING--PERSONAL NAME
- Personal name: O’Hallaron, David Richard
400 1# - SEE FROM TRACING--PERSONAL NAME
- Personal name: O’Hallaron, D. R.
- Fuller form of name: (David Richard),
- Dates associated with a name: 1955-